| 000 | 02226cam a22002778i 4500 | ||
|---|---|---|---|
| 020 |
_a9781108679930 _q(epub) |
||
| 020 | _q(hardback) | ||
| 020 |
_z9781108455145 _q(paperback) |
||
| 082 | 0 | 0 | _a006.31 |
| 100 | 1 |
_aDeisenroth, Marc Peter, _eauthor. |
|
| 245 | 1 | 0 |
_aMathematics for machine learning _cMarc Peter Deisenroth, A. Aldo Faisal, Cheng Soon Ong. |
| 260 |
_aUK _bCambridge University Press _c2020 |
||
| 300 | _a371p | ||
| 504 | _aIncludes bibliographical references and index. | ||
| 650 | 0 |
_aMachine learning _952058 |
|
| 700 | 1 |
_aFaisal, A. Aldo, _952059 |
|
| 700 | 1 |
_aOng, Cheng Soon, _952060 |
|
| 942 |
_2ddc _cBK |
||
| 999 |
_c554514 _d554514 |
||